All Spider-Man Actors - Statistics

General Stats
  • This quiz has been taken 19 times
  • The average score is 16 of 60
Answer Stats
Hint Answer % Correct
Spider-Man Trilogy (2002-2007) Tobey Maguire
100%
The Amazing Spider-Man (2012-2014) Andrew Garfield
92%
MCU (2016-) Tom Holland
92%
The Amazing Spider-Man (2012-2014) Emma Stone
85%
Spider-Man Trilogy (2002-2007) Kirsten Dunst
77%
Spider-Man Trilogy (2002-2007) Willem Dafoe
69%
MCU (2019) Jake Gyllenhaal
62%
Spider-Man Trilogy (2002-2007) James Franco
62%
Spider-Man Trilogy (2002-2007) J. K. Simmons
62%
MCU (2019-) J. K. Simmons
62%
SSU (2018-2024) Tom Hardy
62%
Spider-Man Trilogy (2004) Alfred Molina
54%
The Amazing Spider-Man (2014) Jamie Foxx
54%
SSU (2024) Dakota Johnson
46%
SSU (2022) Jared Leto
46%
MCU (2017-) Michael Keaton
46%
SSU (2018-2021) Woody Harrelson
46%
SSU (2024) Aaron Taylor-Johnson
38%
MCU (2017-) Donald Glover
38%
MCU (2016-2021) Marisa Tomei
38%
Spider-Man Trilogy (2007) Topher Grace
38%
Spider-Man Trilogy (2007) Bryce Dallas Howard
31%
Spider-Man Trilogy (2002-2007) Rosemary Harris
31%
SSU (2024) Sydney Sweeney
31%
SSU (2024) Andy Serkis
23%
The Amazing Spider-Man (2012) Martin Sheen
23%
The Amazing Spider-Man (2012) Rhys Ifans
23%
Spider-Man Trilogy (2007) Thomas Haden Church
23%
Spider-Man Trilogy (2002-2007) Cliff Robertson
15%
The Amazing Spider-Man (2012-2014) Denis Leary
15%
The Amazing Spider-Man (2014) Felicity Jones
15%
The Amazing Spider-Man (2014) Paul Giamatti
15%
SSU (2024) Adam Scott
8%
MCU (2017-) Angourie Rice
8%
The Amazing Spider-Man (2012) Chris Zylka
8%
The Amazing Spider-Man (2014) Dane DeHaan
8%
Spider-Man Trilogy (2002-2007) Elizabeth Banks
8%
SSU (2024) Isabela Merced
8%
Spider-Man Trilogy (2002-2007) Joe Manganiello
8%
SSU (2018) Riz Ahmed
8%
The Amazing Spider-Man (2012-2014) Sally Field
8%
SSU (2024) Tahar Rahim
8%
MCU (2017-) Tony Revolori
8%
SSU (2024) Alessandro Nivola
0%
SSU (2024) Ariana DeBose
0%
Spider-Man Trilogy (2002-2007) Bill Nunn
0%
MCU (2017-) Bokeem Woodbine
0%
SSU (2024) Celeste O'Connor
0%
The Amazing Spider-Man (2014) Chris Cooper
0%
SSU (2018) Chris O'Hara
0%
Spider-Man Trilogy (2004) Daniel Gillies
0%
Spider-Man Trilogy (2004-2007) Dylan Baker
0%
SSU (2024) Fred Hechinger
0%
Spider-Man Trilogy (2007) James Cromwell
0%
MCU (2017-) Michael Chernus
0%
MCU (2017-) Michael Mando
0%
The Amazing Spider-Man (2012-2014) Michael Massee
0%
SSU (2018-2021) Michelle Williams
0%
SSU (2021) Naomie Harris
0%
SSU (2021-2024) Stephen Graham
0%
No matching quizzes found
Score Distribution
Percent of People with Each Score
Percentile by Number Answered
Your Score History
You have not taken this quiz